000 01007nam a22003257a 4500
001 BR0003685
003 BR-BrBNA
005 20230928100741.0
007 ta
008 230509b bl.||||| |||| 00| 0 por d
040 _aBR-BrBNA
_bpor
_cBiblioteca Nacional de Agricultura
041 _a(Por)
072 _aQ02; P06
_b0230
_b8961
090 _ 0230 BR0003685
110 1 _aCooperativa de Produtores de Cana, Acucar e Alcool do Estado de Sao Paulo, Ltda.; Sao Paulo (Brasil)
_92863
111 1 _a3. Seminario de Tecnologia Industrial
_cPiracicaba, SP (Brazil)
_dSep 1987
245 1 _a3. Seminario de Tecnologia Industrial
260 3 _aSao Paulo, SP (Brasil):
_c1987.
300 _a748 p.
500 _a235 illus.; 45 tables
650 _aCana de Acucar
650 _aAlcool
650 _aProcessamento
650 _aTecnologia Industrial
650 _aControle de Qualidade
650 _aPoluicao
650 _aInspecao Sanitaria
909 _a202309
_bLucia
_c55
_dLucia Elande
942 _cBK
999 _c62632
_d62632